[Event "DSOL 08 Liga Final 1st"]
[Site "Playchess.com INT"]
[Date "2020.09.04"]
[Round "2.2"]
[White "Elzhurkaev, Malik"]
[Black "Kaufmann, Emanuel"]
[Result "0-1"]
[WhiteElo "1000"]
[BlackElo "1098"]
[PlyCount "64"]
[EventDate "2020.06.22"]
[EventType "team-k.o. (rapid)"]
[EventCountry "GER"]
[SourceTitle "EXT 2021"]
[Source "ChessBase"]
[SourceDate "2020.10.23"]
[SourceVersion "1"]
[SourceVersionDate "2020.10.23"]
[SourceQuality "1"]
[WhiteTeam "Breitenworbis II"]
[BlackTeam "Noerdlingen"]
[WhiteTeamCountry "GER"]
[BlackTeamCountry "GER"]

1. d4 Nf6 2. Bf4 g6 3. Nf3 Bg7 4. g4 Nxg4 5. Rg1 d6 6. Nc3 0-0 7. e4 Nc6 8. Qd2 e5 9. Bg5 f6 10. Bc4+ Kh8 11. Be3 f5 12. Bg5 Qe8 13. h3 exd4 14. Nb5 Qxe4+ 15. Be2 Nge5 16. Nfxd4 Nxd4 17. Nxd4 c5 18. f3 Qxd4 19. Qxd4 cxd4 20. 0-0-0 h6 21. Bh4 g5 22. Bf2 Nc6 23. f4 gxf4 24. Rg6 f3 25. Bb5 Rf6 26. Rxg7 Kxg7 27. Bxc6 bxc6 28. Bxd4 Ba6 29. Bxf6+ Kxf6 30. Rxd6+ Ke5 31. Rd2 Be2 32. Rd7 f2 0-1

[Event "DSOL 08 Liga Gr-D 1st"]
[Site "Playchess.com INT"]
[Date "2020.08.07"]
[Round "7.2"]
[White "Kaufmann, Emanuel"]
[Black "Eitel, Lukas"]
[Result "1-0"]
[WhiteElo "1098"]
[BlackElo "1249"]
[PlyCount "47"]
[EventDate "2020.06.22"]
[EventType "team-tourn (rapid)"]
[EventCountry "GER"]
[SourceTitle "EXT 2021"]
[Source "ChessBase"]
[SourceDate "2020.10.23"]
[SourceVersion "1"]
[SourceVersionDate "2020.10.23"]
[SourceQuality "1"]
[WhiteTeam "Noerdlingen"]
[BlackTeam "Plochingen II"]
[WhiteTeamCountry "GER"]
[BlackTeamCountry "GER"]

1. e4 e5 2. f4 exf4 3. Nf3 d6 4. d4 g5 5. g3 g4 6. Nh4 Be7 7. Bxf4 Bxh4 8. gxh4 Qxh4+ 9. Bg3 Qg5 10. Nc3 h5 11. Nd5 Kd8 12. Bg2 Ne7 13. 0-0 Nxd5 14. exd5 f5 15. c4 Nd7 16. Rc1 b6 17. c5 bxc5 18. dxc5 Nxc5 19. Rxc5 dxc5 20. d6 c6 21. Bxc6 Rb8 22. Qd2 Qxd2 23. Bh4+ Qg5 24. Bxg5# 1-0

[Event "GER-ch U18 sf Berlin Online"]
[Site "Playchess.com INT"]
[Date "2020.05.01"]
[Round "8"]
[White "Hoffmann, Tom"]
[Black "Kaufmann, Emanuel"]
[Result "0-1"]
[WhiteElo "1528"]
[BlackElo "1672"]
[PlyCount "98"]
[EventDate "2020.05.01"]
[EventType "swiss (blitz)"]
[EventRounds "13"]
[EventCountry "GER"]
[SourceTitle "CBM 195 Extra"]
[Source "ChessBase"]
[SourceDate "2020.05.31"]
[SourceVersion "1"]
[SourceVersionDate "2020.05.31"]
[SourceQuality "1"]

1. d4 d5 2. Bf4 Nc6 3. Nf3 Nf6 4. e3 Bf5 5. Bd3 Bxd3 6. Qxd3 e6 7. Qb5 Rb8 8. Ne5 a6 9. Qa4 Bd6 10. Nxc6 Qd7 11. Bxd6 cxd6 12. Nd2 Qxc6 13. Qxc6+ bxc6 14. b3 Kd7 15. 0-0 a5 16. a4 e5 17. Nf3 Rhe8 18. Ng5 Re7 19. Nf3 Ne4 20. Rfd1 g5 21. Nd2 Nc3 22. Re1 exd4 23. exd4 Rbe8 24. Rxe7+ Rxe7 25. Kf1 c5 26. dxc5 dxc5 27. Re1 Rxe1+ 28. Kxe1 Kd6 29. Nf3 h6 30. h4 g4 31. Nh2 h5 32. f3 f5 33. Kd2 d4 34. fxg4 fxg4 35. g3 Ne4+ 36. Ke2 Nxg3+ 37. Kf2 Nf5 38. Nf1 Nxh4 39. Ng3 Ke5 40. Nxh5 Nf5 41. Ke2 g3 42. Kf3 g2 43. Kxg2 Ne3+ 44. Kf3 Nxc2 45. Nf4 Na1 46. Nd3+ Kd5 47. Nc1 c4 48. bxc4+ Kxc4 49. Ke2 Nb3 0-1

[Event "GER-ch Net Amateur Gr-C Vor2"]
[Site "Playchess.com INT"]
[Date "2020.04.15"]
[Round "7"]
[White "Dohm Acker, Erwin"]
[Black "Kaufmann, Emanuel"]
[Result "1-0"]
[WhiteElo "1261"]
[BlackElo "1517"]
[PlyCount "69"]
[EventDate "2020.04.15"]
[EventType "swiss (blitz)"]
[EventRounds "9"]
[EventCountry "GER"]
[SourceTitle "CBM 196 Extra"]
[Source "ChessBase"]
[SourceDate "2020.07.31"]
[SourceVersion "1"]
[SourceVersionDate "2020.07.31"]
[SourceQuality "1"]

1. Nf3 Nc6 2. d4 Nf6 3. e3 d5 4. c4 e6 5. a3 Bd7 6. b4 Be7 7. Nbd2 0-0 8. c5 a6 9. Bb2 Ne4 10. Nxe4 dxe4 11. Nd2 Bh4 12. Nxe4 Ne7 13. g3 Bf6 14. Nxf6+ gxf6 15. Bg2 Nd5 16. e4 Ne7 17. e5 fxe5 18. dxe5 Nd5 19. 0-0 c6 20. Qg4+ Kh8 21. Be4 Rg8 22. Qf3 Rg7 23. Bc1 Qg8 24. Bxd5 cxd5 25. Bf4 Rf8 26. Rfd1 Bb5 27. Rd4 Bc4 28. Bh6 Rg6 29. Bxf8 Qxf8 30. Rg4 Qg8 31. Rxg6 Qxg6 32. Rd1 Qc2 33. Rd4 Kg7 34. Rg4+ Kh8 35. Qf6# 1-0

[Event "GER-ch Net Amateur Gr-C Vor2"]
[Site "Playchess.com INT"]
[Date "2020.04.15"]
[Round "2"]
[White "Kaufmann, Emanuel"]
[Black "Rotteveel, Guenther"]
[Result "0-1"]
[WhiteElo "1630"]
[BlackElo "1492"]
[PlyCount "148"]
[EventDate "2020.04.15"]
[EventType "swiss (blitz)"]
[EventRounds "9"]
[EventCountry "GER"]
[SourceTitle "CBM 196 Extra"]
[Source "ChessBase"]
[SourceDate "2020.07.31"]
[SourceVersion "1"]
[SourceVersionDate "2020.07.31"]
[SourceQuality "1"]

1. e4 e5 2. f4 exf4 3. Nf3 Nc6 4. Nc3 d6 5. Bc4 Bg4 6. d3 Nf6 7. 0-0 d5 8. exd5 Na5 9. Re1+ Be7 10. Bxf4 Nxc4 11. dxc4 0-0 12. h3 Bh5 13. Qd3 Bg6 14. Qe3 Bc5 15. Nd4 Re8 16. Qd2 Ne4 17. Nxe4 Rxe4 18. Rxe4 Bxe4 19. Re1 Bg6 20. c3 Qf6 21. Qe3 Kf8 22. Rf1 Qa6 23. a3 Qxc4 24. b3 Qa6 25. b4 Bxd4 26. Qxd4 Re8 27. Kf2 Qb6 28. Qxb6 cxb6 29. Re1 Rxe1 30. Kxe1 Ke7 31. c4 Bd3 32. Kd2 Bxc4 33. Kc3 Bxd5 34. g4 Bg2 35. h4 h6 36. Kd4 f6 37. g5 hxg5 38. hxg5 fxg5 39. Bxg5+ Ke6 40. Bf4 g6 41. Ke3 Kf5 42. Bb8 a6 43. Bc7 b5 44. Bf4 g5 45. Bh2 g4 46. Bf4 Bf3 47. Bg3 Ke6 48. Bf4 Kd5 49. Bg3 Kc4 50. Bd6 Kb3 51. Kd3 Kxa3 52. Kc3 Ka2 53. Kc2 Be4+ 54. Kc3 Ka3 55. Kd2 Ka4 56. Ke3 Bf3 57. Kd3 b6 58. Bc7 Kxb4 59. Bxb6 g3 60. Bd4 g2 61. Kc2 Kc4 62. Bg1 a5 63. Kb2 b4 64. Kc2 a4 65. Kb2 a3+ 66. Ka2 Kc3 67. Bd4+ Kxd4 68. Kb3 g1R 69. Ka2 Rc1 70. Kb3 a2 71. Kxa2 b3+ 72. Ka3 Kc4 73. Kb2 Rc2+ 74. Ka3 Ra2# 0-1

[Event "GER-ch Net Amateur Gr-C Vor2"]
[Site "Playchess.com INT"]
[Date "2020.04.15"]
[Round "6"]
[White "Mishra, Sanyukt"]
[Black "Kaufmann, Emanuel"]
[Result "1-0"]
[WhiteElo "1336"]
[BlackElo "1549"]
[PlyCount "53"]
[EventDate "2020.04.15"]
[EventType "swiss (blitz)"]
[EventRounds "9"]
[EventCountry "GER"]
[SourceTitle "CBM 196 Extra"]
[Source "ChessBase"]
[SourceDate "2020.07.31"]
[SourceVersion "1"]
[SourceVersionDate "2020.07.31"]
[SourceQuality "1"]

1. e4 e5 2. Nf3 Nc6 3. d4 exd4 4. Nxd4 f6 5. Nc3 Bb4 6. Bc4 Nge7 7. Bd2 d6 8. a3 Bc5 9. f3 Bxd4 10. Qe2 Bxc3 11. Bxc3 Bd7 12. 0-0-0 Ng6 13. Kb1 Qe7 14. Qe3 0-0-0 15. Bd4 Be6 16. Bxe6+ Qxe6 17. Bxa7 b6 18. Bxb6 cxb6 19. Qxb6 Qd7 20. Rd5 Qb7 21. Qe3 Kc7 22. b4 Qb6 23. Qc3 Rhe8 24. b5 Qc5 25. Rxc5 dxc5 26. Qxc5 Re5 27. Qxc6+ 1-0

[Event "GER-ch Net Amateur Gr-C Vor1"]
[Site "Playchess.com INT"]
[Date "2020.04.14"]
[Round "1"]
[White "Kaufmann, Emanuel"]
[Black "Fock, Madiha"]
[Result "0-1"]
[WhiteElo "1449"]
[BlackElo "1620"]
[PlyCount "68"]
[EventDate "2020.04.14"]
[EventType "swiss (blitz)"]
[EventRounds "9"]
[EventCountry "GER"]
[SourceTitle "CBM 196 Extra"]
[Source "ChessBase"]
[SourceDate "2020.07.31"]
[SourceVersion "1"]
[SourceVersionDate "2020.07.31"]
[SourceQuality "1"]

1. e4 d5 2. exd5 Qxd5 3. Nc3 Qd6 4. Nf3 c6 5. Bc4 Bg4 6. 0-0 Nf6 7. d3 e6 8. Be3 Qc7 9. h3 Bh5 10. Qe2 Bd6 11. Ne4 Nxe4 12. dxe4 Nd7 13. Bd4 0-0 14. g4 Bg6 15. Rad1 Nb6 16. Bxb6 axb6 17. Qd3 Rad8 18. Nd4 Bc5 19. c3 e5 20. Nb5 cxb5 21. Bd5 b4 22. c4 Bd4 23. h4 h6 24. g5 h5 25. Kh1 Bxb2 26. f4 exf4 27. Qd2 Bc3 28. Qh2 Be5 29. Rf3 Bxe4 30. Bxe4 Rxd1+ 31. Kg2 Rd2+ 32. Rf2 Rxf2+ 33. Kxf2 Qc5+ 34. Kg2 f3+ 0-1

[Event "GER-ch Net Amateur Gr-C Vor1"]
[Site "Playchess.com INT"]
[Date "2020.04.14"]
[Round "5"]
[White "Kaufmann, Emanuel"]
[Black "Schell, Andreas"]
[Result "1-0"]
[WhiteElo "1633"]
[BlackElo "1620"]
[PlyCount "71"]
[EventDate "2020.04.14"]
[EventType "swiss (blitz)"]
[EventRounds "9"]
[EventCountry "GER"]
[SourceTitle "CBM 196 Extra"]
[Source "ChessBase"]
[SourceDate "2020.07.31"]
[SourceVersion "1"]
[SourceVersionDate "2020.07.31"]
[SourceQuality "1"]

1. e4 e5 2. f4 d6 3. Nf3 Nc6 4. Nc3 Bg4 5. Bc4 Nf6 6. d3 Be7 7. Kf1 Nd4 8. h3 Bxf3 9. gxf3 Qd7 10. Nd5 Nh5 11. f5 Ng3+ 12. Kg2 Nxh1 13. c3 Nc6 14. Qxh1 Bf6 15. Be3 0-0-0 16. b4 Bh4 17. Bb5 a6 18. Ba4 g5 19. Rb1 b5 20. Bb3 Rdf8 21. a4 Ne7 22. axb5 axb5 23. Ra1 Kb8 24. Ra5 Nxd5 25. Bxd5 c6 26. Qa1 Qb7 27. Ra7 Qc8 28. Ra8+ Kc7 29. Rxc8+ Rxc8 30. Qa7+ Kd8 31. Bxf7 Rc7 32. Bb6 Ke7 33. Qxc7+ Kf6 34. Be6 Rf8 35. Qxh7 c5 36. Bd8+ 1-0